[Event "Guba op"]
[Site "Guba"]
[Date "2023.02.10"]
[Round "5"]
[White "Orujov, Hazrat Azar Oglu"]
[Black "Kaliakhmet, Elsultan"]
[Result "0-1"]
[WhiteElo "1752"]
[BlackElo "1435"]
[PlyCount "28"]
[EventDate "2023.02.07"]
[EventType "swiss"]
[EventRounds "9"]
[EventCountry "AZE"]
[SourceTitle "CBM 212 Extra"]
[Source "ChessBase"]
[SourceDate "2023.03.31"]
[SourceVersion "1"]
[SourceVersionDate "2023.03.31"]
[SourceQuality "1"]

1. Nf3 c5 2. g3 Nc6 3. Bg2 d5 4. 0-0 e6 5. c4 Nf6 6. cxd5 exd5 7. d4 c4 8. Ne5 Bd6 9. Nc3 Nxe5 10. dxe5 Bxe5 11. Nxd5 0-0 12. e4 Nxd5 13. exd5 Bf5 14. Re1 Re8 0-1